LEADER 02891nam a2200505 i 4500 001 991001075959707536 005 20020507110214.0 008 981104s1977 fr ||| | fre 020 $a2705657339 (vol. 1) 035 $ab10170236-39ule_inst 035 $aLE00641742$9ExL 040 $aDip.to Fisica$bita 084 $a53(022+076) 084 $a53.1.4 084 $a530.1'2 084 $aQC174.12.C6313 100 1 $aDiu, Bernard$028436 245 10$aMécanique quantique /$cClaude Cohen-Tannoudji, Bernard Diu, Franck Laloë 250 $a2ème éd. revue, corrigée et augmentée 260 $aParis :$bHermann,$c1977 300 $a2 v. (xv, 1517 p. compl.) :$bill. ;$c25 cm. 500 $aIndex. 500 $aBibliographie : pp. 882A-882Q. 650 4$aQuantum theory 700 1 $aLaloë, Franck$eauthor$4http://id.loc.gov/vocabulary/relators/aut$0340583 700 1 $aCohen-Tannoudji, Claude$eauthor$4http://id.loc.gov/vocabulary/relators/aut$028326 907 $a.b10170236$b02-04-14$c27-06-02 912 $a991001075959707536 945 $aLE006 53.1.4 COH$cV. 1$g1$i2006000097758$lle006$o-$pE0.00$q-$rl$s- $t0$u1$v2$w23$x0$y.i10207739$z27-06-02 945 $aLE006 53.1.4 COH$cV. 2$g1$i2006000013741$lle006$o-$pE0.00$q-$rl$s- $t0$u14$v0$w14$x0$y.i10207740$z27-06-02 945 $aLE006 53.1.4 COH$cV. 2$g1$i2006000041300$lle006$o-$pE0.00$q-$rl$s- $t0$u10$v1$w10$x0$y.i10207752$z27-06-02 945 $aLE006 53.1.4 COH$cV. 2$g1$i2006000041324$lle006$on$pE0.00$q-$rl$s- $t0$u11$v0$w11$x0$y.i10207764$z27-06-02 945 $aLE006 53.1.4 COH$cV. 2$g1$i2006000041331$lle006$o-$pE0.00$q-$rl$s- $t0$u6$v0$w6$x0$y.i10207776$z27-06-02 945 $aLE006 53.1.4 COH$cV. 1$g1$i2006000041355$lle006$o-$pE0.00$q-$rl$s- $t0$u0$v0$w15$x0$y.i10207788$z27-06-02 945 $aLE006 53.1.4 COH$cV. 1$g1$i2006000041386$lle006$on$pE0.00$q-$rl$s- $t0$u10$v0$w10$x0$y.i1020779x$z27-06-02 945 $aLE006 53.1.4 COH$cV. 2$g1$i2006000071260$lle006$o-$pE0.00$q-$rl$s- $t0$u14$v0$w14$x0$y.i10207806$z27-06-02 945 $aLE006 53.1.4 COH$cV. 1$g1$i2006000071277$lle006$on$pE0.00$q-$rl$sm $t0$u0$v0$w0$x0$y.i10207818$z27-06-02 945 $aLE006 53.1.4 COH$cV. 1$g1$i2006000071284$lle006$on$pE0.00$q-$rl$sm $t0$u0$v0$w0$x0$y.i1020782x$z27-06-02 945 $aLE006 53.1.4 COH$cV. 1$g1$i2006000071291$lle006$on$pE0.00$q-$rl$sm $t0$u0$v0$w0$x0$y.i10207831$z27-06-02 945 $aLE006 53.1.4 COH$cV. 1$g1$i2006000071307$lle006$on$pE0.00$q-$rl$sm $t0$u0$v0$w0$x0$y.i10207843$z27-06-02 945 $aLE006 53.1.4 COH$cV. 2$g1$i2006000071314$lle006$on$pE0.00$q-$rl$sm $t0$u0$v0$w0$x0$y.i10207855$z27-06-02 945 $aLE006 53.1.4 COH$cV. 2$g1$i2006000071321$lle006$o-$pE0.00$q-$rl$s- $t0$u0$v0$w0$x0$y.i10207867$z27-06-02 996 $aMecanique quantique$924867 997 $aUNISALENTO 998 $ale006$b01-01-98$cm$da $e-$ffre$gfr $h0$i14 LEADER 02618oam 2200589I 450 001 9910790544103321 005 20230213212639.0 010 $a1-135-17633-7 010 $a1-315-03517-0 010 $a1-135-17626-4 024 7 $a10.4324/9781315035178 035 $a(CKB)2550000001117461 035 $a(EBL)1395316 035 $a(OCoLC)870590402 035 $a(SSID)ssj0001167950 035 $a(PQKBManifestationID)11685507 035 $a(PQKBTitleCode)TC0001167950 035 $a(PQKBWorkID)11131040 035 $a(PQKB)11129472 035 $a(MiAaPQ)EBC1395316 035 $a(Au-PeEL)EBL1395316 035 $a(CaPaEBR)ebr10764206 035 $a(CaONFJC)MIL517899 035 $a(OCoLC)900482555 035 $a(EXLCZ)992550000001117461 100 $a20180331d1986 uy 0 101 0 $aeng 135 $aur|n|---||||| 181 $ctxt 182 $cc 183 $acr 200 00$aService industries in developing countries /$fedited by Erdener Kaynak 210 1$aLondon :$cRoutledge,$d1986. 215 $a1 online resource (125 p.) 300 $aDescription based upon print version of record. 311 $a0-7146-3291-0 311 $a1-299-86648-4 320 $aIncludes bibliographical references. 327 $aCover ; Service Industries in Developing Countries; Title Page ; Copyright Page ; Table of Contents ; Notes on Contributors; Editorial; Service Industries in Developing Countries: A Conceptual Framework and Analytical Insights; Marketing Research for Services in Developing Countries: The Use of Unidimensional and Multidimensional Scaling; The Financial Markets Approach to Economic Development in LDCs; Tourism Marketing in a Developing Economy: Frequent and Infrequent Visitors Contrasted; Government as a Service Industry: A Grenadian Case Example 327 $aInternational Business Negotiations: A Turn-key ProjectNew Delivery Technologies and the Globalisation of the Television Programming Industry: The Marketing of Indian Films and Television Programmes in Canada; Temporal and Regional Differences in Image of a Tourist Destination: Implications for Holiday Promoters 330 $aFirst Published in 2004. Routledge is an imprint of Taylor & Francis, an informa company. 606 $aService industries$zDeveloping countries 615 0$aService industries 676 $a338.4/6/091724 701 $aKaynak$b Erdener$0109409 801 0$bMiAaPQ 801 1$bMiAaPQ 801 2$bMiAaPQ 906 $aBOOK 912 $a9910790544103321 996 $aService industries in developing countries$93722486 997 $aUNINA